000
00322 a2200157 4500
001
61515
020
_a
9788578480813
040
_c
Anchieta - Pituba
100
_a
Barceló, Élias
240
1
0
_a
Cordeluna
_l
por
245
1
0
_a
Cordeluna
300
_a
303
362
0
_a
2011
650
4
_a
Literatura juvenil
942
_c
BK
999
_c
61515
_d
61515